| 000 | 00436nam a2200157Ia 4500 | ||
|---|---|---|---|
| 008 | 130318s9999 xx 000 0 und d | ||
| 020 | _a9780074515495 | ||
| 082 | _a621.395 BOS/P | ||
| 100 | _aBosshart, Walter C | ||
| 245 | _aPrinted circuits: Boards design and technology | ||
| 260 |
_bTata McGraw Hill _aNew Delhi _c1983 |
||
| 300 | _a467 | ||
| 650 | _aCOMPUTER ARCHITECTURE | ||
| 650 | _aDIGITAL CIRCUITS | ||
| 650 | _aDIGITAL DESIGN | ||
| 999 |
_c1786 _d1786 |
||